|
|
|
|
| LEADER |
00000nab#a22000007a#4500 |
| 001 |
arbauad027065 |
| 003 |
AR-BaUAD |
| 005 |
20250711112226.0 |
| 008 |
970605|||||||||###||||||b###|0###a|spa|| |
| 040 |
|
|
|a AR-BaUAD
|c AR-BaUAD
|b spa
|
| 100 |
|
|
|a Giunta, Joseph P.
|
| 245 |
|
|
|a Bottomline :
|b design management, what's your style? /
|c Joseph P. Giunta;
|
| 300 |
0 |
|
|b fot.
|
| 500 |
|
|
|a Artículo teórico sobre las distintas estructuras de organización de un estudio de diseño.
|
| 653 |
|
|
|a DISEÑO GRAFICO
|
| 653 |
|
|
|a ADMINISTRACION
|
| 653 |
|
|
|a ESTUDIOS PROFESIONALES
|
| 773 |
0 |
|
|t HOW
|g [jun. 1997], p. 44-51
|
| 942 |
|
|
|c ARTI
|
| 952 |
|
|
|0 0
|1 0
|4 0
|7 0
|9 71984
|a AR-BAuAD
|b AR-BAuAD
|d 2025-07-11
|l 0
|p AAQA027065
|r 2025-07-11 11:22:26
|w 2025-07-11
|y ARTI
|
| 990 |
|
|
|a DG199
|b TD
|
| 998 |
|
|
|a AAQ
|b BIBUN76
|
| 999 |
|
|
|c 51657
|d 51657
|